|
|
|
|
| LEADER |
00000cas a2200000 a 4500 |
| 001 |
vtls008418186 |
| 003 |
SK-MaSNL |
| 005 |
20260228161023.0 |
| 008 |
051213d20012019xo qr p 0 b0slo |
| 022 |
|
|
|a 1336-2763
|
| 035 |
|
|
|a (SVKBB03)vtls000204849
|
| 040 |
|
|
|a SVKPO
|b slo
|c SVKPO
|d SVKBB
|d SNK
|e AACR2
|
| 041 |
0 |
|
|a slo
|
| 044 |
0 |
|
|a xo
|c SK
|
| 072 |
|
7 |
|a 658.58
|x Údržba
|2 konspekt
|
| 080 |
|
|
|a 658.58
|2 2001
|
| 080 |
|
|
|a 621
|2 2001
|
| 080 |
|
|
|a 050
|2 2001
|
| 080 |
|
|
|a (051)-048.55
|2 2011
|
| 210 |
0 |
|
|a Údržba
|
| 222 |
|
0 |
|a Údržba
|
| 245 |
0 |
0 |
|a Údržba
|b časopis pracovníkov údržby
|
| 246 |
1 |
1 |
|a Maintenance
|
| 246 |
1 |
1 |
|a Instandhaltung
|
| 260 |
|
|
|a Bratislava
|b Slovenská spoločnosť údržby
|c 2001-2019
|
| 300 |
|
|
|a 19 zv.
|c 30 cm
|
| 310 |
|
|
|a 4x ročne
|
| 362 |
|
|
|a Roč. 1, č. 1 (sept. 2001) - roč. 19, č. 2 (2019)
|z BA001/2014
|
| 500 |
|
|
|a Šéfredaktor: (?-2004), Adolf Murín; (2005-), Juraj Grenčík
|
| 500 |
|
|
|a Registračné č.: EV 1196/08
|
| 500 |
|
|
|a Časopis ďalej vychádza už iba v elektronickej podobe
|
| 515 |
|
|
|a V roku 2007 a 2008 (č. 1-3) chybné číslovanie ročníka
|
| 515 |
|
|
|a V roku 2013 je chybné číslovanie. Číslo 2 má byť č. 3
|
| 515 |
|
|
|a Niektoré č. vychádzajú ako dvojčíslo
|
| 650 |
0 |
7 |
|a údržba
|2 SNKPH
|9 267803
|
| 655 |
|
7 |
|a špecializované časopisy
|2 SNKPH
|9 70509
|
| 700 |
1 |
|
|a Murín, Adolf
|4 pbd
|9 267804
|
| 700 |
1 |
|
|a Grenčík, Juraj
|4 pbd
|9 10702
|
| 710 |
2 |
|
|a Slovenská spoločnosť údržby
|4 pbl
|9 35651
|
| 850 |
|
|
|a Štátna vedecká knižnica v Prešove
|
| 852 |
|
|
|a Štátna vedecká knižnica v Banskej Bystrici
|
| 910 |
|
|
|a snk
|
| 910 |
|
|
|a svkpo
|
| 910 |
|
|
|a svkbb
|
| 916 |
|
|
|a 2003-2013
|
| 999 |
|
|
|c 4110
|d 6040
|
| 952 |
|
|
|0 0
|1 0
|4 0
|7 0
|8 0
|a SNK
|b SNK
|d 2014-09-16
|f 1
|i snk2014/18803
|l 0
|o snkČSB 5909/3/2003
|p 17A1088849
|r 2026-02-21 19:33:33
|t č. 1-4
|w 2026-02-21
|y PREZ
|
| 952 |
|
|
|0 0
|1 0
|4 0
|7 0
|8 0
|a SNK
|b SNK
|d 2014-09-16
|i snk2014/18804
|l 0
|o snkČSB 5909/3/2003 D1
|p 17A1088850
|r 2026-02-21 19:33:33
|t č. 1-4
|w 2026-02-21
|y PREZ
|
| 952 |
|
|
|0 0
|1 0
|4 0
|7 0
|8 0
|a SNK
|b SNK
|d 2014-09-17
|f 1
|i snk2014/18926
|l 0
|o snkČSB 5909/4/2004
|p 17A1088851
|r 2026-02-21 19:33:37
|t č. 1-3
|w 2026-02-21
|y PREZ
|
| 952 |
|
|
|0 0
|1 0
|4 0
|7 0
|8 0
|a SNK
|b SNK
|d 2014-09-17
|i snk2014/18928
|l 0
|o snkČSB 5909/4/2004 D1
|p 17A1088852
|r 2026-02-21 19:33:37
|t č. 1-3
|w 2026-02-21
|y PREZ
|
| 952 |
|
|
|0 0
|1 0
|4 0
|7 0
|8 0
|a SNK
|b SNK
|d 2014-09-17
|f 1
|i snk2014/18929
|l 0
|o snkČSB 5909/5/2005
|p 17A1088853
|r 2026-02-21 19:33:37
|t č. 1
|w 2026-02-21
|y PREZ
|
| 952 |
|
|
|0 0
|1 0
|4 0
|7 0
|8 0
|a SNK
|b SNK
|d 2014-09-17
|i snk2014/18932
|l 0
|o snkČSB 5909/5/2005 D1
|p 17A1088854
|r 2026-02-21 19:33:37
|t č. 1
|w 2026-02-21
|y PREZ
|
| 952 |
|
|
|0 0
|1 0
|4 0
|7 0
|8 0
|a SNK
|b SNK
|d 2014-09-17
|f 1
|i snk2014/18935
|l 0
|o snkČSB 5909/6/2006
|p 17A1088855
|r 2026-02-21 19:33:37
|t č. 1-3
|w 2026-02-21
|y PREZ
|
| 952 |
|
|
|0 0
|1 0
|4 0
|7 0
|8 0
|a SNK
|b SNK
|d 2014-09-17
|i snk2014/18936
|l 0
|o snkČSB 5909/6/2006 D1
|p 17A1088856
|r 2026-02-21 19:33:37
|t č. 1-3
|w 2026-02-21
|y PREZ
|
| 952 |
|
|
|0 0
|1 0
|4 0
|7 0
|8 0
|a SNK
|b SNK
|d 2014-09-17
|f 1
|i snk2014/18947
|l 0
|o snkČSB 5909/7/2007
|p 17A1088857
|r 2026-02-21 19:33:38
|t č. 1-3
|w 2026-02-21
|y PREZ
|
| 952 |
|
|
|0 0
|1 0
|4 0
|7 0
|8 0
|a SNK
|b SNK
|d 2014-09-17
|i snk2014/18949
|l 0
|o snkČSB 5909/7/2007 D1
|p 17A1088858
|r 2026-02-21 19:33:38
|t č. 1-3
|w 2026-02-21
|y PREZ
|
| 952 |
|
|
|0 0
|1 0
|4 0
|7 0
|8 0
|a SNK
|b SNK
|d 2014-09-18
|f 1
|i snk2014/18971
|l 0
|o snkČSB 5909/8/2008
|p 17A1088859
|r 2026-02-21 19:33:47
|t č. 1-4
|w 2026-02-21
|y PREZ
|
| 952 |
|
|
|0 0
|1 0
|4 0
|7 0
|8 0
|a SNK
|b SNK
|d 2014-09-18
|i snk2014/18972
|l 0
|o snkČSB 5909/8/2008 D1
|p 17A1088860
|r 2026-02-21 19:33:47
|t č. 1-4
|w 2026-02-21
|y PREZ
|
| 952 |
|
|
|0 0
|1 0
|4 0
|7 0
|8 0
|a SNK
|b SNK
|d 2014-09-18
|f 1
|i snk2014/18973
|l 0
|o snkČSB 5909/9/2009
|p 17A1088861
|r 2026-02-21 19:33:47
|t č. 1-4
|w 2026-02-21
|y PREZ
|
| 952 |
|
|
|0 0
|1 0
|4 0
|7 0
|8 0
|a SNK
|b SNK
|d 2014-09-18
|i snk2014/18974
|l 0
|o snkČSB 5909/9/2009 D1
|p 17A1088862
|r 2026-02-21 19:33:47
|t č. 1-4
|w 2026-02-21
|y PREZ
|
| 952 |
|
|
|0 0
|1 0
|4 0
|7 0
|8 0
|a SNK
|b SNK
|d 2014-09-18
|f 1
|i snk2014/18975
|l 0
|o snkČSB 5909/10/2010
|p 17A1088863
|r 2026-02-21 19:33:48
|t č. 1-4
|w 2026-02-21
|y PREZ
|
| 952 |
|
|
|0 0
|1 0
|4 0
|7 0
|8 0
|a SNK
|b SNK
|d 2014-09-18
|i snk2014/18976
|l 0
|o snkČSB 5909/10/2010 D1
|p 17A1088864
|r 2026-02-21 19:33:48
|t č. 1-4
|w 2026-02-21
|y PREZ
|
| 952 |
|
|
|0 0
|1 0
|4 0
|7 0
|8 0
|a SNK
|b SNK
|d 2014-09-18
|f 1
|i snk2014/18977
|l 0
|o snkČSB 5909/11/2011
|p 17A1088865
|r 2026-02-21 19:33:48
|t č. 1-4
|w 2026-02-21
|y PREZ
|
| 952 |
|
|
|0 0
|1 0
|4 0
|7 0
|8 0
|a SNK
|b SNK
|d 2014-09-18
|i snk2014/18978
|l 0
|o snkČSB 5909/11/2011 D1
|p 17A1088866
|r 2026-02-21 19:33:48
|t č. 1-4
|w 2026-02-21
|y PREZ
|
| 952 |
|
|
|0 0
|1 0
|4 0
|7 0
|8 0
|a SNK
|b SNK
|d 2014-09-18
|f 1
|i snk2014/18979
|l 0
|o snkČSB 5909/12/2012
|p 17A1088867
|r 2026-02-21 19:33:48
|t č. 1-4
|w 2026-02-21
|y PREZ
|
| 952 |
|
|
|0 0
|1 0
|4 0
|7 0
|8 0
|a SNK
|b SNK
|d 2014-09-18
|i snk2014/18980
|l 0
|o snkČSB 5909/12/2012 D1
|p 17A1088868
|r 2026-02-21 19:33:48
|t č. 1-4
|w 2026-02-21
|y PREZ
|
| 952 |
|
|
|0 0
|1 0
|4 0
|7 0
|8 0
|a SNK
|b SNK
|d 2014-09-18
|f 1
|i snk2014/18981
|l 0
|o snkČSB 5909/13/2013
|p 17A1088869
|r 2026-02-21 19:33:48
|t č. 1-4
|w 2026-02-21
|y PREZ
|z chybné číslovanie
|
| 952 |
|
|
|0 0
|1 0
|4 0
|7 0
|8 0
|a SNK
|b SNK
|d 2014-09-18
|i snk2014/18982
|l 0
|o snkČSB 5909/13/2013 D1
|p 17A1088870
|r 2026-02-21 19:33:48
|t č. 1-4
|w 2026-02-21
|y PREZ
|z chybné číslovanie
|
| 952 |
|
|
|0 0
|1 0
|4 0
|7 0
|8 0
|a SNK
|b SNK
|d 2021-11-08
|i snk2021/17403
|l 0
|o snkČSB 5909/18/2018 D1
|p 17A1436178
|r 2026-02-21 21:39:52
|t č. 1-4, neúplné
|w 2026-02-21
|y PREZ
|z Chýba č. 4
|
| 952 |
|
|
|0 0
|1 0
|4 0
|7 0
|8 0
|a SNK
|b SNK
|d 2021-11-08
|f 1
|i snk2021/17406
|l 0
|o snkČSB 5909/18/2018
|p 17A1436179
|r 2026-02-21 21:39:52
|t č. 1-4
|w 2026-02-21
|y PREZ
|
| 952 |
|
|
|0 0
|1 0
|4 0
|7 0
|8 0
|a SNK
|b SNK
|d 2021-11-08
|f 1
|i snk2021/17407
|l 0
|o snkČSB 5909/19/2019
|p 17A1436180
|r 2026-02-21 21:39:53
|t č. 1-2
|w 2026-02-21
|y PREZ
|
| 952 |
|
|
|0 0
|1 0
|4 0
|7 0
|8 0
|a SNK
|b SNK
|d 2021-11-08
|i snk2021/17408
|l 0
|o snkČSB 5909/19/2019 D1
|p 17A1436181
|r 2026-02-21 21:39:53
|t č. 1-2
|w 2026-02-21
|y PREZ
|
| 952 |
|
|
|0 0
|1 0
|3 Spoločne zviazané r. 2014-2017
|4 0
|7 0
|8 0
|a SNK
|b SNK
|d 2018-08-02
|f 1
|i snk2018/16333
|l 0
|o snkČSB 5909/14/2014
|p 17A1327864
|r 2026-02-21 22:20:02
|t č. 1-4
|w 2026-02-21
|y PREZ
|z Spoločne zviazané r. 2014-2017
|
| 952 |
|
|
|0 0
|1 0
|3 Spoločne zviazané r. 2014-2017
|4 0
|7 0
|8 0
|a SNK
|b SNK
|d 2018-08-02
|i snk2018/16335
|l 0
|o snkČSB 5909/14/2014 D1
|p 17A1327863
|r 2026-02-21 22:20:03
|t č. 1-4
|w 2026-02-21
|y PREZ
|z Spoločne zviazané r. 2014-2017
|
| 952 |
|
|
|0 0
|1 0
|3 Spoločne zviazané r. 2014-2017
|4 0
|7 0
|8 0
|a SNK
|b SNK
|d 2018-08-02
|f 1
|i snk2018/16333
|l 0
|o snkČSB 5909/15/2015
|p 17A1327862
|r 2026-02-21 22:20:03
|t č. 1-4
|w 2026-02-21
|y PREZ
|z Spoločne zviazané r. 2014-2017
|
| 952 |
|
|
|0 0
|1 0
|3 Spoločne zviazané r. 2014-2017
|4 0
|7 0
|8 0
|a SNK
|b SNK
|d 2018-08-02
|i snk2018/16335
|l 0
|o snkČSB 5909/15/2015 D1
|p 17A1327861
|r 2026-02-21 22:20:03
|t č. 1-4
|w 2026-02-21
|y PREZ
|z Spoločne zviazané r. 2014-2017
|
| 952 |
|
|
|0 0
|1 0
|3 Spoločne zviazané r. 2014-2017
|4 0
|7 0
|8 0
|a SNK
|b SNK
|d 2018-08-02
|f 1
|i snk2018/16333
|l 0
|o snkČSB 5909/16/2016
|p 17A1327860
|r 2026-02-21 22:20:03
|t č. 1-4
|w 2026-02-21
|y PREZ
|z Spoločne zviazané r. 2014-2017
|
| 952 |
|
|
|0 0
|1 0
|3 Spoločne zviazané r. 2014-2017
|4 0
|7 0
|8 0
|a SNK
|b SNK
|d 2018-08-02
|i snk2018/16335
|l 0
|o snkČSB 5909/16/2016 D1
|p 17A1327859
|r 2026-02-21 22:20:03
|t č. 1-4
|w 2026-02-21
|y PREZ
|z Spoločne zviazané r. 2014-2017
|
| 952 |
|
|
|0 0
|1 0
|3 Spoločne zviazané r. 2014-2017
|4 0
|7 0
|8 0
|a SNK
|b SNK
|d 2018-08-02
|f 1
|i snk2018/16333
|l 0
|o snkČSB 5909/17/2017
|p 17A1327858
|r 2026-02-21 22:20:03
|t č. 1-4
|w 2026-02-21
|y PREZ
|z Spoločne zviazané r. 2014-2017
|
| 952 |
|
|
|0 0
|1 0
|3 Spoločne zviazané r. 2014-2017
|4 0
|7 0
|8 0
|a SNK
|b SNK
|d 2018-08-02
|i snk2018/16335
|l 0
|o snkČSB 5909/17/2017 D1
|p 17A1327857
|r 2026-02-21 22:20:03
|t č. 1-4
|w 2026-02-21
|y PREZ
|z Spoločne zviazané r. 2014-2017
|